| 000 | 00815nam a22002177a 4500 | ||
|---|---|---|---|
| 001 | 902 | ||
| 005 | 20250508144528.0 | ||
| 020 | _a9781407135588 | ||
| 040 |
_aFISKH _beng _cFISKH _dFISKH |
||
| 082 | _a823.92 | ||
| 100 | _aWebb, Holly. | ||
| 245 |
_aAnimal magic : _bMousemagic / _cAuthor: Webb, Holly |
||
| 260 |
_aLondon : _bScholastic, _c2013. |
||
| 300 |
_a154 pages : _c20 cm. |
||
| 505 | _aR | ||
| 520 | _aWhen Lottie's class goes away on a trip for a whole week, Lottie decides she's finally going to stand up to the awful school bully. But without Sofie, her familiar, Lottie's not sure if she can! Luckily Fred, the magical pink mouse, comes to her rescue. | ||
| 521 |
_a730
_bLexile |
||
| 521 |
_aR
_bRaz-Plus |
||
| 650 |
_achildren's _vfiction _xpaperback _yseries |
||
| 942 |
_2ddc _cBK _n0 |
||
| 999 |
_c902 _d902 |
||